Southville International School and Colleges
Your cart is empty.
  • Cart
  • Lists
    Public lists Eva Luna New books Lux_list list_1
    Your lists Log in to create your own lists
  • Log in to your account
  • Your cookies
  • Search history
Southville International School and Colleges
  • Advanced search
  • Recent comments
  • Most popular
  • Libraries

Log in to your account

Log in with GOOGLE


If you do not have an external account, but do have a local account, you can still log in:

  1. Home
  2. MARC view: Falling for Rapunzel.
Normal view MARC view ISBD view

Falling for Rapunzel. (Record no. 114436)

[ view plain ]
MARC details
000 -LEADER
fixed length control field 00495nam a2200193 a 4500
001 - CONTROL NUMBER
control field 2399
005 - DATE AND TIME OF LATEST TRANSACTION
control field 20140414132100.0
008 - FIXED-LENGTH DATA ELEMENTS--GENERAL INFORMATION
fixed length control field 050601s19uu xx 00 eng d
020 ## - INTERNATIONAL STANDARD BOOK NUMBER
International Standard Book Number 0439750466
050 ## - LIBRARY OF CONGRESS CALL NUMBER
Classification number ER
Item number F194 2003
100 ## - MAIN ENTRY--PERSONAL NAME
Personal name Wilcox, Leah
245 ## - TITLE STATEMENT
Title Falling for Rapunzel.
260 ## - PUBLICATION, DISTRIBUTION, ETC. (IMPRINT)
Place of publication, distribution, etc New York :
Name of publisher, distributor, etc Scholastic Inc,
Date of publication, distribution, etc 2003.
300 ## - PHYSICAL DESCRIPTION
Extent 1 v. p. : ill. ; cm.
440 ## - SERIES STATEMENT/ADDED ENTRY--TITLE
Title Classic tales collection
650 ## - SUBJECT ADDED ENTRY--TOPICAL TERM
Topical term or geographic name as entry element Fairy tales.
650 ## - SUBJECT ADDED ENTRY--TOPICAL TERM
Topical term or geographic name as entry element Children stories.
Holdings
Withdrawn status Lost status Damaged status Use restrictions Home library Current library Shelving location Date acquired Source of acquisition Total Checkouts Full call number Barcode Date last seen Price effective from Koha item type
        Munich Library Munich Library Easy Reading Section 10/29/2012     ER F194 2003 M6266 04/14/2014 04/14/2014 Books

Falling for Rapunzel.

APA

Wilcox L., . (2003). Falling for Rapunzel. New York: Scholastic Inc.

Chicago

Wilcox Leah, . 2003. Falling for Rapunzel. New York: Scholastic Inc.

Harvard

Wilcox L., . (2003). Falling for Rapunzel. New York: Scholastic Inc.

MLA

Wilcox Leah, . Falling for Rapunzel. New York: Scholastic Inc. 2003.

  • Place hold
  • Print
  • Cite
  • Add to your cart (remove)
  • Save record
    BIBTEX Dublin Core MARCXML MARC (non-Unicode/MARC-8) MARC (Unicode/UTF-8) MARC (Unicode/UTF-8, Standard) MODS (XML) RIS
  • More searches
    Search for this title in:
    Other Libraries (WorldCat) Other Databases (Google Scholar) Online Stores (Bookfinder.com) Open Library (openlibrary.org)

Exporting to Dublin Core...

SOUTHVILLE LIBRARY

Southville International School and Colleges Library

1281 Tropical Ave. Cor. Luxembourg St., BF Homes International, Las Pinas City

Tel. No. 8256374 / 252358 Loc. 117/146

Powered by Koha